| 000 | 00435nam a2200181Ia 4500 | ||
|---|---|---|---|
| 001 | 16936 | ||
| 005 | 20260306170347.0 | ||
| 008 | 260306t2015||||xx |||||||||||||| ||und|| | ||
| 041 | _aESP | ||
| 082 |
_a657.3 _bP13 |
||
| 100 |
_aPacheco Contreras, Johnny _eAUT |
||
| 245 | 0 | _aAnálisis de estados financieros | |
| 260 | _c2015 | ||
| 300 |
_a141 páginas : _c24 cm. |
||
| 650 | _aGEN | ||
| 654 | _aCCO | ||
| 942 |
_cLIB _dJUS _fJUS _2ddc _n |
||
| 999 |
_c16936 _d16936 |
||